فکر کی غلطی (Record no. 169884)

MARC details
000 -LEADER
fixed length control field 00614nam a22001937a 4500
005 - DATE AND TIME OF LATEST TRANSACTION
control field 20191206152810.0
010 ## - LCCN (DPL NO)
LC control number A-442553
020 ## - INTERNATIONAL STANDARD BOOK NUMBER
Terms of availability 50.00
International Standard Book Number -
035 ## - SYSTEM CONTROL NUMBER
System control number A-442553
037 ## - SOURCE OF ACQUISITION
Source of stock number/acquisition BPPD
082 ## - DEWEY DECIMAL CLASSIFICATION NUMBER
Classification number 270
100 ## - MAIN ENTRY--PERSONAL NAME
Personal name قا سمی عتيق ا حمد
245 ## - TITLE STATEMENT
Title فکر کی غلطی
Statement of responsibility, etc قا سمی عتيق ا حمد
246 ## - VARYING FORM OF TITLE
Title proper/short title Fikr Ki Ghalti
Remainder of title by Atiqu Ahmed Qasmi
260 ## - PUBLICATION, DISTRIBUTION, ETC. (IMPRINT)
Place of publication, distribution, etc N.Delhi
Date of publication, distribution, etc 1990 ء
Name of publisher, distributor, etc Qasi PublishersAnd Distributers
270 ## - ADDRESS
Address Watege Building Hazrat Nizamuddin West,
City N.Delhi
Telephone number -
Postal code 110013
300 ## - PHYSICAL DESCRIPTION
Extent 352 ص
Dimensions 22 cm(hb)
942 ## - ADDED ENTRY ELEMENTS (KOHA)
Source of classification or shelving scheme Dewey Decimal Classification
Item type Urdu Bks
Classification part 270
Call number suffix ق ا س
Holdings
Withdrawn status Lost status Not for loan Collection code Home library Current library Date acquired Source of acquisition Cost, normal purchase price Full call number Barcode Copy number Cost, replacement price Koha item type
    Ordered Non-fiction Central Library Central Library 06/12/2019 BPPD/Ven. 50.00 270 ق ا س A-442553 1 50.00 Urdu Bks

© Delhi Public Library
Hit Counter
free hit counter